| 000 | 00952nam a2200289 i 4500 | ||
|---|---|---|---|
| 001 | bg | ||
| 245 | 0 | 0 |
_aSłownik naukowo-techniczny rosyjsko-polski : _bsuplement / _cred. Maria Martin, Mieczysław Boratyn. |
| 246 | 1 | 1 | _aRussko-pol'skij naučno-techničeskij slovar' |
| 260 |
_aWarszawa : _bWydawnictwa Naukowo-Techniczne, _c1999. |
||
| 300 |
_aVIII, 111 s. ; _c24 cm. |
||
| 500 | _aTyt. równol.: Russko-pol'skij naučno-techničeskij slovar': priloženie. | ||
| 650 | 9 | _aBiologia | |
| 650 | 9 | _aNauki ekonomiczne | |
| 650 | 9 | _aSłownik rosyjsko-polski | |
| 650 | 9 |
_aŚrodowisko człowieka _xhigiena i ochrona |
|
| 650 | 9 | _aTechnika | |
| 655 | _aSłowniki | ||
| 700 | 1 |
_aMARTIN, Maria. _eRed. |
|
| 700 | 1 |
_aBORATYN, Mieczysław. _eRed. |
|
| 020 | _a8320424232 | ||
| 040 | _cBPK | ||
| 041 | 0 | _aplru | |
| 080 | _a62:33:57:502](038)=161.1=162.1 | ||
| 920 | _a83-204-2423-2 | ||
| 942 | _cKS | ||
| 008 | s pl f |000 0 pol | ||
| 999 |
_c36116 _d36116 |
||